| 000 | 00379nam a2200145Ia 4500 | ||
|---|---|---|---|
| 008 | 210716s2003 xx 000 0 und d | ||
| 041 | _aeng | ||
| 082 | _a658.802 KAMM | ||
| 100 | _aKamat, Minouti S;Krishnamoorthy, R. | ||
| 245 | _aTextbook on rural marketing. | ||
| 250 | _a1 | ||
| 260 |
_aNew Delhi _bHimalaya Publishing House _c2003 |
||
| 300 | _a188 | ||
| 650 | _aMarketing | ||
| 999 |
_c199793 _d199793 |
||